ბათუმის შოთა რუსთაველის სახელმწიფო უნივერსიტეტის ბიბლიოთეკა

Теория поля (математический анализ функций нескольких переменных). (ბიბ.ჩანაწერი № 39000)

000 -LEADER
fixed length control field 00689nam a2200205Ia 4500
001 - CONTROL NUMBER
control field 5475
003 - CONTROL NUMBER IDENTIFIER
control field GE_BSU
008 - FIXED-LENGTH DATA ELEMENTS--GENERAL INFORMATION
fixed length control field 181216s||||||||xx |||||||||||||| ||und||
040 ## - CATALOGING SOURCE
Transcribing agency GE_BSU
080 ## - UNIVERSAL DECIMAL CLASSIFICATION NUMBER
Universal Decimal Classification number 517.553
100 ## - MAIN ENTRY--PERSONAL NAME
Personal name Игнациус Г.И.
245 ## - TITLE STATEMENT
Title Теория поля (математический анализ функций нескольких переменных).
245 ## - TITLE STATEMENT
Statement of responsibility, etc. Ред. В.С. Захаров.
260 ## - PUBLICATION, DISTRIBUTION, ETC.
Place of publication, distribution, etc. Москва
260 ## - PUBLICATION, DISTRIBUTION, ETC.
Name of publisher, distributor, etc. Знание
260 ## - PUBLICATION, DISTRIBUTION, ETC.
Date of publication, distribution, etc. 1971
300 ## - PHYSICAL DESCRIPTION
Extent 112 с. 22 см.
653 ## - INDEX TERM--UNCONTROLLED
Uncontrolled term Теория поля (математический анализ функций нескольких переменных).
942 ## - ADDED ENTRY ELEMENTS (KOHA)
Koha item type წიგნი
ეგზემპლარები
Withdrawn status Lost status Damaged status Not for loan Date acquired Barcode Date last seen Price effective from Koha item type Public note
        2018-12-17 16315 2018-12-17 2018-12-17 წიგნი დარბაზი